000 00330nam a22001457a 4500
020 _a81-8423-155-5
082 _a894.812.3
_bMAH/C
100 _aMAH, ADALIN YEN
245 _aCHAINAYILE SINDRELLA
260 _aGREEN BOOKS PRIVTE LIMITED
_bGREEN BOOKS
_c2009
300 _a167
520 _aNOVEL
650 _aNOVEL
942 _cBK
999 _c4965
_d4965